1130 1669 1809 1293 1172 1036 1754 1342 1048 1995 1478 1749 1088 1978 1770 1734 1447 1210 1933 1668 1159 1827 1471 1131 1491 1665 1709 1158 1123 1026 1846 1794 1162 1549 1508 1200 1921 1581 1196 1911 1838 1656 1990 1342 1951 1005 1128 1089 1803 1386 1855 1980 1615 1166 1272 1498 1654 1656 1970 1756 1367 1717 1561 1787 1445 1676 1760 1075 1215 1185 1320 1597 1839 1617 1252 1728 1134 1114 1251 1059 1074 1998 1390 1208 1315 1092 1077 1608 1944 1724 1597 1815 1897 1427 1830 1846 1222 1738 1916 BCNSPRNW ULIB Ver.6.0+V

เปลี่ยนเป็นภาษาไทย

Change to English
 แสดงรายละเอียดบรรณานุกรม
  กลับหน้าหลัก

Brief Record : Get Marc (ISO 2709) : E-mail record : QR code < ปิดหน้าต่าง
LEADER : 00000nam 2200000uu 4500
001    13399127649
003     ULIB
008    210311s2562||||th 000 0 tha d
020 ^  ^a9786160035526
050 ^  ^aนว^bบ951ค
100 0  ^aใบสน.
245 1  ^aคีตาแสงจันทร์ /^cใบสน.
250 ^  ^aพิมพ์ครั้งที่ 1.
260 ^  ^aกรุงเทพฯ :^bพิมพ์คำ,^c2562.
300 ^  ^a404 หน้า ;^c21 ซม.
490 0  ^aจุมพิตรัตติกาล
945    ^p280^l0^i007998
999    ^aประนอม เกษจรัล
รายการนี้ยังไม่มีแท็ก
คุณยังไม่ได้ล็อกอิน คุณสามารถมีกิจกรรมร่วมกับเว็บไซต์ได้ แต่ต้องล็อกอินก่อน ::
  ล็อกอิน

รายการสื่อสารสนเทศ

ลำดับที่ ประเภท เลขเรียก/บาร์โค้ด สถานที่ สถานะ
1. นวนิยาย
นวนิยาย
นว บ951ค ฉ.1 
  Barcode: 007998
ห้องสมุดวิทยาเขตสวรรค์ประชารักษ์
►หนังสือทั่วไป
บนชั้น

รายการใกล้เคียง
    ผู้แต่ง [ใบสน.]

BibComment


ยังไม่เคยถูกคอมเมนท์

คอมเมนท์ทรัพยากรรายการนี้
  คอมเมนท์: คีตาแสงจันทร์ ใ..


 Copyright 2026. Bcnsprnw @Library